Includes bibliographies (Record no. 15375)

000 -LEADER
fixed length control field 00588nam a22002171 4500
001 - CONTROL NUMBER
control field 15375
003 - CONTROL NUMBER IDENTIFIER
control field BD-DhUET
008 - FIXED-LENGTH DATA ELEMENTS--GENERAL INFORMATION
fixed length control field 731030m19621966njua b 000 0 eng
040 ## - CATALOGING SOURCE
Original cataloging agency DLC
Transcribing agency DLC
Modifying agency BD-DhUET
082 00 - DEWEY DECIMAL CLASSIFICATION NUMBER
Classification number 543
Item number FUR/1966
100 ## - MAIN ENTRY--PERSONAL NAME
Personal name Furman, N. Howell
245 00 - TITLE STATEMENT
Title Includes bibliographies
250 ## - EDITION STATEMENT
Edition statement 6th ed.
260 ## - PUBLICATION, DISTRIBUTION, ETC. (IMPRINT)
Place of publication, distribution, etc. New York
Name of publisher, distributor, etc. Van Nostrand Reinhold
Date of publication, distribution, etc. 1966
300 ## - PHYSICAL DESCRIPTION
Extent xi, (975-2018)p.
Other physical details ill.
500 ## - GENERAL NOTE
General note Vol.3 (Instrumental methods)
Part. B
504 ## - BIBLIOGRAPHY, ETC. NOTE
Bibliography, etc Includes bibliographies
650 #0 - SUBJECT ADDED ENTRY--TOPICAL TERM
Topical term or geographic name as entry element Chemistry, Analytic
700 ## - ADDED ENTRY--PERSONAL NAME
Personal name Welcher, Frank J.
942 ## - ADDED ENTRY ELEMENTS (KOHA)
Koha item type Edited Book
Holdings
Not for loan Price effective from Koha date last seen Withdrawn status Piece designation (barcode) Lost status Sublocation or collection (holding branch) Koha item type Shelving location Copy number Koha normalized classification for sorting Koha full call number Damaged status Source of classification or shelving scheme Location (home branch) Date acquired
 2015-03-122015-03-12 28818 Central Library, BUETEdited BookCirculation section1543_000000000000000_FUR_1966543/FUR/1966  Central Library, BUET2015-03-12
 2015-03-122015-03-12 28828 Central Library, BUETEdited BookCirculation section2543_000000000000000_FUR_1966543/FUR/1966  Central Library, BUET2015-03-12
 2015-03-122015-03-12 28836 Central Library, BUETEdited BookCirculation section4543_000000000000000_FUR_1966543/FUR/1966  Central Library, BUET2015-03-12
 2015-03-122015-03-12 28831 Central Library, BUETEdited BookCirculation section5543_000000000000000_FUR_1966543/FUR/1966  Central Library, BUET2015-03-12
 2015-03-122015-03-12 38894 Central Library, BUETEdited BookCirculation section6543_000000000000000_FUR_1966543/FUR/1966  Central Library, BUET2015-03-12
 2015-03-122018-02-20 28827 Central Library, BUETEdited BookCirculation section7543_000000000000000_FUR_1966543/FUR/1966  Central Library, BUET2015-03-12
 2015-03-122015-03-12 28837 Central Library, BUETEdited BookCirculation section8543_000000000000000_FUR_1966543/FUR/1966  Central Library, BUET2015-03-12
 2015-03-122015-03-12 28826 Central Library, BUETEdited BookCirculation section9543_000000000000000_FUR_1966543/FUR/1966  Central Library, BUET2015-03-12
 2015-03-122015-03-12 28832 Central Library, BUETEdited BookCirculation section10543_000000000000000_FUR_1966543/FUR/1966  Central Library, BUET2015-03-12